Commercial correspondence office management / (Record no. 129371)

MARC details
000 -LEADER
fixed length control field 00612nam a22002177a 4500
005 - DATE AND TIME OF LATEST TRANSACTION
control field 20170124110055.0
010 ## - LIBRARY OF CONGRESS CONTROL NUMBER
LC control number A-368635
020 ## - INTERNATIONAL STANDARD BOOK NUMBER
Terms of availability 00.00
035 ## - SYSTEM CONTROL NUMBER
System control number A-368635
037 ## - SOURCE OF ACQUISITION
Source of stock number/acquisition Cen Lib/Ret
040 ## - CATALOGING SOURCE
Original cataloging agency DPL
Language of cataloging EN
082 ## - DEWEY DECIMAL CLASSIFICATION NUMBER
Classification number 651.75
Item number PIL
100 ## - MAIN ENTRY--PERSONAL NAME
Personal name Pllai, R.S.N.
9 (RLIN) 26171
245 ## - TITLE STATEMENT
Title Commercial correspondence office management /
Statement of responsibility, etc by R.S.N. Pllai
260 ## - PUBLICATION, DISTRIBUTION, ETC. (IMPRINT)
Place of publication, distribution, etc Kanyakumari
Date of publication, distribution, etc 1987
270 ## - ADDRESS
Address Kanyakumari
City Kanyakumari
300 ## - PHYSICAL DESCRIPTION
Extent 372p.
Dimensions 20cm(Hb)
650 ## - SUBJECT ADDED ENTRY--TOPICAL TERM
Topical term or geographic name as entry element Office management
9 (RLIN) 19428
650 ## - SUBJECT ADDED ENTRY--TOPICAL TERM
Topical term or geographic name as entry element Correspondence - Management
9 (RLIN) 26172
942 ## - ADDED ENTRY ELEMENTS (KOHA)
Source of classification or shelving scheme Dewey Decimal Classification
Koha item type English Books
Classification part 651.75
Call number suffix PIL
Holdings
Withdrawn status Lost status Damaged status Not for loan Home library Current library Date acquired Source of acquisition Cost, normal purchase price Total Checkouts Full call number Barcode Date last seen Copy number Cost, replacement price Price effective from Koha item type Public note
Written off       Central Library Central Library 06/07/2015 Cen Lib/Ret 0.00   651.75 PIL A-368635 06/07/2015 1 0.00 06/07/2015 English Books W/d List No. 6863/10 ; dtd 06/08/2020

© Delhi Public Library
Hit Counter
free hit counter